000 00311nam a2200121Ia 4500
008 191201s2011 xx 000 0 und d
100 _asingh, k.k
245 0 _aUnconventional manufacturing processes
250 _aRep
260 _c2011
_bDhanpat Rai Pubns (P) Ltd
_aNEW DELHI
300 _a118
942 _2ddc
_cBK
999 _c8147
_d8147